00755nam a2200157Ia 4500008004100000082001800041100001500059245011000074260004600184365000600230630011000236730011000346942000900456999001900465952011300484100415s9999 xx 000 0 und d b10670a338.43 aEdwards D aSlaugher Facilities for Tropical Conditions : A Guide to the Selection and Costing of Appropriate Systems aLONDONc1979bTROPICAL PRODUCTS INSTITUTE b0 aSlaugher Facilities for Tropical Conditions : A Guide to the Selection and Costing of Appropriate Systems aSlaugher Facilities for Tropical Conditions : A Guide to the Selection and Costing of Appropriate Systems cBOOK c593596d593593 00104070aBNHSbBNHSd1997-08-28g0.00l0o338.43 10670pBNHS-10670r2010-04-15 00:00:00w2010-04-15yBOOK